000 00732nam a2200205 i 4500
001 189439
003 ES-MaACL
005 20230906223455.0
008 190603s1971 sp |||| | spa d
100 1 _aJones, Alexander.
_9167194
245 1 3 _aLa palabra viva de Dios /
_cAlexander Jones ; [versión por Alfredo Oltra].
260 _aEstella :
_bVerbo Divino,
_c[1971]
300 _a291 p. ;
_c19 cm.
490 1 _aColección Biblia y Korygma. Temas de Pastoral Biblica ;
_v14
630 0 4 _aBiblia-
_xCrítica e interpretación.
_9119239
700 0 _aOltra, Alfredo M.
_987020
830 0 _aColección Biblia y Korygma. Temas de Pastoral Biblica ;
_v14
_9225832
852 _aES-MaACL
_jP-565-Bis-14
999 _c189439
_d189439